[Event "AUTO-ADV-2131"]
[Site "http://www.queenalice.com/game.php?id=927222"]
[Date "2011.4.18"]
[Round "1"]
[White "kakashisensei"]
[Black "melr111"]
[Result "1-0"]
[WhiteElo "2019"]
[BlackElo "1898"]

1. c4 e5 2. Nc3 Nf6 3. e4 Nc6 4. Nf3 Bc5 5. Be2 d6 6. O-O Nd4 7. Nxd4 exd4 8.
Nd5 Nxe4 9. Bd3 f5 10. f3 Nf6 11. Re1+ Kf7 12. Re7+ Kf8 13. Re1 Nxd5 14. cxd5 c6
15. Qe2 cxd5 16. b3 Kf7 17. Bb2 Re8 18. Qf2 Bd7 19. Bxd4 b6 20. Rxe8 Qxe8 21.
Bxc5 dxc5 22. Re1 Qf8 23. Qh4 Kg8 24. g4 g6 25. Re7 h6 26. Rxd7 Re8 27. gxf5
gxf5 28. Rxa7 Qd6 29. Bxf5 Rf8 30. Qg4+ Kh8 31. Qg7# 1-0

[Event "AUTO-ADV-2131"]
[Site "http://www.queenalice.com/game.php?id=927223"]
[Date "2011.4.18"]
[Round "1"]
[White "melr111"]
[Black "kakashisensei"]
[Result "0-1"]
[WhiteElo "1890"]
[BlackElo "2035"]

1. e4 c5 2. Nf3 d6 3. Nc3 e6 4. Bc4 Nc6 5. d4 cxd4 6. Nxd4 Nf6 7. Bg5 Be7 8.
Nxc6 bxc6 9. f3 h6 10. Bh4 O-O 11. Bxf6 Bxf6 12. Qd2 Bb7 13. O-O-O d5 14. Bb3 d4
15. Ne2 e5 16. f4 c5 17. Qd3 a5 18. a4 Ba6 19. Bc4 Bxc4 20. Qxc4 Qd6 21. g3 Rfb8
22. Nc3 Qb6 23. Nb5 Kf8 24. Rhf1 Rb7 25. b3 Rd8 26. Rf3 Kg8 27. h4 h5 28. f5 Kf8
29. c3 dxc3 30. Rxd8+ Bxd8 31. Qxc3 Bf6 32. Rd3 c4 33. Qxc4 Qg1+ 34. Kb2 Rb8 35.
Qc7 Qf2+ 36. Ka3 Be7+ 37. Nd6 Qb6 38. Qd7 Rd8 39. Qb5 Bxd6+ 40. b4 Qxb5 41. axb5
Bxb4+ 42. Ka4 Rxd3 43. b6 Rd7 44. Kb5 Ke7 45. Kc6 a4 46. b7 Rxb7 47. Kxb7 a3 48.
Kb6 a2 0-1

[Event "AUTO-OPEN-2335"]
[Site "http://www.queenalice.com/game.php?id=927311"]
[Date "2011.4.18"]
[Round "1"]
[White "esatni"]
[Black "kakashisensei"]
[Result "0-1"]
[WhiteElo "1204"]
[BlackElo "1989"]

1. e4 e5 2. Bc4 Nf6 3. Nc3 c6 4. d3 d5 5. Bb3 d4 6. Na4 b5 7. Nc5 Bxc5 8. Qf3
Bb4+ 9. c3 dxc3 10. Rb1 c2+ 11. Ke2 cxb1=Q 12. g4 Bxg4 13. Bc2 Qxc2+ 0-1

[Event "AUTO-OPEN-2335"]
[Site "http://www.queenalice.com/game.php?id=927312"]
[Date "2011.4.18"]
[Round "1"]
[White "kakashisensei"]
[Black "esatni"]
[Result "1-0"]
[WhiteElo "1991"]
[BlackElo "1193"]

1. d4 d6 2. e4 f5 3. Nc3 c5 4. dxc5 fxe4 5. Be3 dxc5 6. Qxd8+ Kxd8 7. O-O-O+ Bd7
8. Bxc5 g6 9. Nxe4 Bh6+ 10. Kb1 b6 11. Ba3 Nf6 12. Nxf6 Bg7 13. Nxd7 Nxd7 14.
Bb5 Rc8 15. Rxd7+ Ke8 16. Rxe7+ Kf8 17. Rc7+ Kg8 18. Bc4# 1-0

[Event "AUTO-OPEN-2335"]
[Site "http://www.queenalice.com/game.php?id=927331"]
[Date "2011.4.18"]
[Round "1"]
[White "Puffer"]
[Black "kakashisensei"]
[Result "1-0"]
[WhiteElo "2194"]
[BlackElo "2044"]

1. e4 c5 2. Nf3 Nc6 3. d4 cxd4 4. Nxd4 d6 5. Nc3 e6 6. Be3 Nf6 7. Be2 Be7 8. O-O
Nxd4 9. Bxd4 e5 10. Be3 O-O 11. Bf3 Be6 12. Qe2 d5 13. exd5 Bf5 14. Bd2 e4 15.
Nxe4 Nxe4 16. Bxe4 Bxe4 17. Qxe4 f5 18. Qd3 Bd6 19. Rac1 f4 20. Qh3 Rf6 21. c4
Rh6 22. Qf3 Qh4 23. h3 b6 24. Rfe1 g5 25. Re6 Rf8 26. Rxh6 Qxh6 27. Re1 Qh4 28.
Re6 Rd8 29. b4 h5 30. Bc3 g4 31. Rg6+ Kf7 32. Qe4 Re8 33. Rg7+ 1-0

[Event "AUTO-OPEN-2335"]
[Site "http://www.queenalice.com/game.php?id=927332"]
[Date "2011.4.18"]
[Round "1"]
[White "kakashisensei"]
[Black "Puffer"]
[Result "0-1"]
[WhiteElo "2012"]
[BlackElo "2173"]

1. d4 Nf6 2. c4 g6 3. e3 Bg7 4. Nf3 O-O 5. Be2 d6 6. O-O Nbd7 7. b3 c5 8. Bb2
cxd4 9. exd4 Nh5 10. Nbd2 Nf4 11. Rb1 Nf6 12. Re1 Nxe2+ 13. Qxe2 Re8 14. Nf1 Qa5
15. a4 Qb6 16. Ba1 Bf5 17. Rb2 Bg4 18. N1d2 e5 19. dxe5 Rxe5 20. Qf1 Rxe1 21.
Qxe1 Re8 22. Qf1 Nh5 23. Rb1 Bxf3 24. Bxg7 Be2 25. Qc1 Nxg7 0-1

[Event "AUTO-OPEN-2335"]
[Site "http://www.queenalice.com/game.php?id=927343"]
[Date "2011.4.18"]
[Round "1"]
[White "kakashisensei"]
[Black "sia"]
[Result "1-0"]
[WhiteElo "2030"]
[BlackElo "2014"]

1. c4 e6 2. d3 Nf6 3. g3 Be7 4. Bg2 Nc6 5. Nf3 h6 6. O-O d6 7. a3 a6 8. b4 O-O
9. Nc3 Nh7 10. Bb2 Bf6 11. Rb1 Ng5 12. e3 Nxf3+ 13. Qxf3 Ne5 14. Qd1 c6 15. Ne4
b5 16. Bxe5 Bxe5 17. d4 Bf6 18. c5 dxc5 19. bxc5 Be7 20. f4 Qc7 21. Qf3 Bd7 22.
g4 f5 23. Ng3 fxg4 24. Qxg4 e5 25. f5 Bg5 26. Rbe1 Rf7 27. h4 Bf6 28. d5 Re7 29.
d6 Qa5 30. dxe7 Bxe7 31. Nh5 Bf8 32. Nf6+ Kh8 33. Nxd7 Qxa3 34. Nxf8 Rxf8 35. f6
gxf6 36. Qg6 Qc3 37. Qxh6+ Kg8 38. Be4 Rf7 39. Kh1 Rg7 40. Rg1 Rxg1+ 41. Rxg1+
Kf7 42. Bf5 Qxc5 43. Qh7+ Ke8 44. Rg8+ Qf8 45. Qd7# 1-0

[Event "AUTO-OPEN-2335"]
[Site "http://www.queenalice.com/game.php?id=927344"]
[Date "2011.4.18"]
[Round "1"]
[White "sia"]
[Black "kakashisensei"]
[Result "0-1"]
[WhiteElo "2027"]
[BlackElo "2002"]

1. b3 e6 2. Bb2 d5 3. d3 Nf6 4. Nd2 Be7 5. g3 O-O 6. Bg2 b6 7. Ngf3 Nbd7 8. O-O
Bb7 9. e3 c5 10. c4 Re8 11. cxd5 exd5 12. Ne5 Nxe5 13. Bxe5 Bd6 14. Bb2 Rb8 15.
Qc2 Qe7 16. Nf3 Nd7 17. Qc3 f6 18. d4 Rec8 19. Rad1 cxd4 20. Qxd4 Ne5 21. Nh4 g6
22. Bxd5+ Kg7 23. Bxb7 Bc5 24. Qd7 Nxd7 25. Bxc8 Rxc8 26. Rd3 Ne5 27. Rd5 Rd8
28. Rxd8 Qxd8 29. Bxe5 fxe5 30. Nf3 Qf6 31. Nd2 Qf5 32. e4 Qd7 33. Nc4 Qd4 34.
Re1 Qxf2+ 0-1

[Event "AUTO-OPEN-2176"]
[Site "http://www.queenalice.com/game.php?id=937595"]
[Date "2011.5.13"]
[Round "2"]
[White "HILITO"]
[Black "kakashisensei"]
[Result "0-1"]
[WhiteElo "2112"]
[BlackElo "2025"]

1. e4 c5 2. Nf3 d6 3. d3 e6 4. Nbd2 Nf6 5. g3 Be7 6. Bg2 Nc6 7. O-O O-O 8. Re1
e5 9. Nf1 Re8 10. Be3 Ng4 11. c3 Nxe3 12. Nxe3 Bf8 13. Nd5 Ne7 14. c4 Nc6 15. a3
Bg4 16. h3 Bxf3 17. Bxf3 Nd4 18. Kh2 Rc8 19. b4 b6 20. b5 Be7 21. a4 h6 22. Bg2
Rb8 23. Rf1 Rb7 24. f4 Bf6 25. f5 Kh7 26. Ra2 Qd7 27. a5 bxa5 28. Rxa5 Reb8 29.
g4 Qd8 30. Ra6 Bg5 31. Rf2 Qd7 32. Rfa2 Bf4+ 33. Nxf4 exf4 34. e5 dxe5 35. Bxb7
Rxb7 36. Qa1 Nf3+ 37. Kg2 Qxd3 38. R6a3 Nh4+ 39. Kf2 Qxc4 40. Qxe5 Rd7 41. f6
Rd1 42. Re2 g6 43. Rxa7 f3 44. Qe6 Qxe2+ 45. Qxe2 fxe2 46. Kxe2 Rb1 47. Rxf7+
Kg8 48. Rb7 Rb3 49. b6 g5 50. Rb8+ Kf7 51. b7 Ng6 52. Kd2 Kxf6 53. Kc2 c4 54.
Rc8 Rxb7 55. Rxc4 Re7 56. Rc6+ Re6 57. Rc3 Ke5 58. Kd2 Kf4 59. Ra3 Ne5 0-1

[Event "AUTO-OPEN-2176"]
[Site "http://www.queenalice.com/game.php?id=937596"]
[Date "2011.5.13"]
[Round "2"]
[White "kakashisensei"]
[Black "HILITO"]
[Result "0-1"]
[WhiteElo "2025"]
[BlackElo "2029"]

1. f4 c6 2. Nf3 d5 3. e3 Nf6 4. Be2 Nbd7 5. O-O e6 6. d4 Be7 7. Bd2 O-O 8. a3
Qb6 9. b4 Ne4 10. Be1 f5 11. Nc3 Ndf6 12. Ne5 Bd6 13. Na4 Qc7 14. Nc3 a6 15. Bf3
Bd7 16. Bxe4 Nxe4 17. Nxe4 fxe4 18. Bc3 b6 19. h4 c5 20. h5 c4 21. h6 g6 22. Qg4
Rf6 23. Be1 Bxe5 24. Bh4 Bxd4 25. exd4 Rf5 26. Rf2 Raf8 27. g3 e5 28. Raf1 Rxf4
29. Qg5 Rxf2 30. Rxf2 Rxf2 31. Kxf2 Bf5 32. dxe5 d4 33. g4 e3+ 34. Ke1 Bxc2 35.
e6 d3 36. Qxe3 c3 37. Kf1 d2 38. e7 d1=Q+ 0-1

[Event "AUTO-OPEN-2176"]
[Site "http://www.queenalice.com/game.php?id=937603"]
[Date "2011.5.13"]
[Round "2"]
[White "kakashisensei"]
[Black "matamuff"]
[Result "1-0"]
[WhiteElo "2017"]
[BlackElo "1806"]

1. c4 b6 2. d4 Bb7 3. d5 g6 4. e4 Bg7 5. Nf3 d6 6. Be2 Nd7 7. Qa4 f6 8. Nd4 Kf7
9. Ne6 Qc8 10. Nd2 Nh6 11. Nb3 Nf8 12. Nbd4 1-0

[Event "AUTO-OPEN-2176"]
[Site "http://www.queenalice.com/game.php?id=937604"]
[Date "2011.5.13"]
[Round "2"]
[White "matamuff"]
[Black "kakashisensei"]
[Result "0-1"]
[WhiteElo "1814"]
[BlackElo "2009"]

1. Nf3 g6 2. g3 Bg7 3. Bg2 Nf6 4. c4 O-O 5. Nc3 c6 6. e4 d6 7. d3 Nbd7 8. O-O e5
9. Bd2 a5 10. a4 Nc5 11. Qc2 Nfd7 0-1

[Event "First Game"]
[Site "http://www.queenalice.com/game.php?id=940105"]
[Date "2011.5.19"]
[Round "-"]
[White "Oliver36"]
[Black "kakashisensei"]
[Result "1-0"]
[WhiteElo "1946"]
[BlackElo "2045"]

1. d4 Nf6 2. c4 g6 3. Nf3 Bg7 4. g3 O-O 5. Bg2 d6 6. O-O Nbd7 7. Nc3 e5 8. dxe5
Nxe5 9. Nxe5 dxe5 10. Bg5 Qxd1 11. Rfxd1 c6 12. b3 Be6 13. Na4 h6 14. Bd2 e4 15.
Nc5 Nd7 16. Nxe6 fxe6 17. Bxh6 Bxa1 18. Bxf8 Nxf8 19. Rxa1 Rd8 20. Bxe4 Kg7 21.
h4 Nh7 22. Bd3 Nf6 23. f3 Kh6 24. Kf2 Kh5 25. Rh1 a6 26. g4+ Nxg4+ 27. fxg4+ 1-0

[Event "AUTO-OPEN-2178"]
[Site "http://www.queenalice.com/game.php?id=951700"]
[Date "2011.6.19"]
[Round "2"]
[White "Lunog"]
[Black "kakashisensei"]
[Result "0-1"]
[WhiteElo "2038"]
[BlackElo "2049"]

1. e4 c5 2. Nf3 d6 3. d4 cxd4 4. Qxd4 Nc6 5. Bb5 Bd7 6. Bxc6 bxc6 7. Nc3 e5 8.
Qd3 Nf6 9. Bg5 Be6 10. a3 Be7 0-1

[Event "AUTO-OPEN-2178"]
[Site "http://www.queenalice.com/game.php?id=951708"]
[Date "2011.6.19"]
[Round "2"]
[White "stevelco"]
[Black "kakashisensei"]
[Result "1-0"]
[WhiteElo "2178"]
[BlackElo "2049"]

1. e4 c5 2. Nc3 a6 3. g3 d6 4. Bg2 e5 5. d3 Nc6 6. Be3 Nf6 7. h3 Be6 8. Qd2 b5
9. Nge2 Be7 10. O-O Qd7 11. f4 Bxh3 12. f5 Bg4 13. Bf3 g6 14. Bxg4 Nxg4 15. Bg5
O-O-O 16. Nd5 Qb7 17. Nec3 f6 18. Qe2 gxf5 19. exf5 h5 20. Bh4 Nd4 21. Qg2 Rhe8
22. a3 b4 23. axb4 cxb4 24. Nxe7+ Rxe7 25. Nd5 Rf7 26. c3 Nc2 27. Qxc2 Qxd5 28.
Qd2 e4 29. Rf4 e3 30. Qe2 Nf2 31. Rc4+ Rc7 32. Rxc7+ Kxc7 33. Qxe3 Qh1+ 34. Kxf2
Qxa1 35. Bxf6 Rd7 36. Qa7+ Kc6 37. Qa8+ Rb7 38. Qe8+ Rd7 39. Qe4+ Kc7 40. Qc4+
Kb8 41. Qxb4+ Ka8 42. c4 Rb7 43. Qxd6 Rxb2+ 44. Bxb2 1-0

[Event "AUTO-OPEN-2178"]
[Site "http://www.queenalice.com/game.php?id=951709"]
[Date "2011.6.19"]
[Round "2"]
[White "kakashisensei"]
[Black "stevelco"]
[Result "0-1"]
[WhiteElo "2060"]
[BlackElo "2147"]

1. f4 d5 2. Nf3 c6 3. e3 Bg4 4. Be2 Nf6 5. O-O Nbd7 6. c3 e6 7. d3 Bd6 8. Nbd2
O-O 9. Nb3 Qc7 10. h3 Bxf3 11. Bxf3 e5 12. fxe5 Nxe5 13. Be2 Ng6 14. Nd4 Bh2+
15. Kh1 Nh4 16. Qe1 Bg3 17. Qd1 Rae8 18. Nf5 Re5 19. Nxg3 Rg5 20. Rxf6 Qxg3 21.
Bf3 gxf6 22. Qe2 Nxf3 23. Qxf3 Qxf3 24. gxf3 Kh8 25. Bd2 Rfg8 0-1

[Event "AUTO-OPEN-2178"]
[Site "http://www.queenalice.com/game.php?id=951714"]
[Date "2011.6.19"]
[Round "2"]
[White "kakashisensei"]
[Black "wladimir"]
[Result "1-0"]
[WhiteElo "2079"]
[BlackElo "1469"]

1. d4 e5 2. dxe5 b6 3. e4 Bb7 4. Nc3 Nc6 5. Nf3 Bc5 6. Bc4 h6 7. O-O Nce7 8. Be3
Bxe3 9. fxe3 Nc6 10. Qd5 Qe7 11. Nh4 g6 12. Rxf7 Qd8 13. Nxg6 Nce7 14. Rf8# 1-0

[Event "AUTO-OPEN-2178"]
[Site "http://www.queenalice.com/game.php?id=951715"]
[Date "2011.6.19"]
[Round "2"]
[White "wladimir"]
[Black "kakashisensei"]
[Result "0-1"]
[WhiteElo "1472"]
[BlackElo "2047"]

1. e4 e5 2. Nf3 d6 3. Bc4 h6 4. d3 Nf6 5. Nc3 Be7 6. O-O Nc6 7. a3 Be6 8. Bxe6
fxe6 9. Nh4 Nh7 10. Qh5+ Kd7 11. Ng6 Rg8 12. Bxh6 gxh6 13. Qxh6 Ng5 14. Rae1 Qe8
15. Nh4 Nf7 16. Re3 Nxh6 17. b4 Bxh4 18. Rh3 Qg6 19. g3 Nd4 20. f3 Raf8 21. Rxh4
Nxf3+ 22. Kg2 Nxh4+ 23. Kg1 Rxf1+ 24. Kxf1 Qf6+ 25. Ke1 Rf8 26. gxh4 Ng4 27. Kd2
Qf4+ 28. Kd1 Nf2+ 29. Ke1 Qe3+ 30. Ne2 Nh3 31. h5 Nf4 0-1

[Event "AUTO-ADV-2072"]
[Site "http://www.queenalice.com/game.php?id=953063"]
[Date "2011.6.23"]
[Round "2"]
[White "KobeB"]
[Black "kakashisensei"]
[Result "1/2-1/2"]
[WhiteElo "1928"]
[BlackElo "2043"]

1. e4 c5 2. Nf3 d6 3. Bb5+ Bd7 4. Bxd7+ Qxd7 5. O-O e5 6. c3 Nc6 7. d4 cxd4 8.
cxd4 exd4 9. Nxd4 Nf6 10. Nxc6 bxc6 11. Nc3 Be7 12. Bg5 O-O 13. Bxf6 Bxf6 14.
Qd2 Rfd8 15. f4 Rab8 16. b3 Qb7 17. Rac1 Qb6+ 18. Kh1 Qd4 19. Qxd4 Bxd4 20. Ne2
Bc5 21. e5 Rbc8 22. exd6 Bxd6 23. Nd4 c5 24. Nb5 a6 25. Nxd6 Rxd6 26. g3 a5 27.
Rfe1 Rdc6 28. Rc4 Kf8 29. Kg2 1/2-1/2

[Event "AUTO-ADV-2072"]
[Site "http://www.queenalice.com/game.php?id=953064"]
[Date "2011.6.23"]
[Round "2"]
[White "kakashisensei"]
[Black "KobeB"]
[Result "1-0"]
[WhiteElo "2038"]
[BlackElo "1901"]

1. c4 c5 2. d3 Nc6 3. g3 g6 4. Bg2 Bg7 5. Nf3 Nf6 6. O-O O-O 7. e4 d6 8. Nc3 Bg4
9. Re1 Nd4 10. Be3 Bxf3 11. Bxf3 a6 12. Bxd4 cxd4 13. Ne2 e5 14. Bg2 b5 15. f4
bxc4 16. fxe5 dxe5 17. Nc1 cxd3 18. Nxd3 Ng4 19. Qxg4 Qc7 20. Rac1 Qb6 21. b3
Bh6 22. Rc5 Be3+ 23. Kh1 h5 24. Qd7 Qe6 25. Qxe6 fxe6 26. Rxe5 Rf6 27. Rf1 Raf8
28. Rxf6 Rxf6 29. Bh3 Kf7 30. Nc5 g5 31. Rxe6 Rf2 32. Rxa6 g4 33. Bg2 Rc2 34.
Nd3 Rd2 35. Bf1 Kg7 36. b4 Kf7 37. b5 Ke7 38. b6 Kd7 39. Nc5+ 1-0

[Event "AUTO-OPEN-2176"]
[Site "http://www.queenalice.com/game.php?id=960329"]
[Date "2011.7.14"]
[Round "3"]
[White "kakashisensei"]
[Black "Pato"]
[Result "0-1"]
[WhiteElo "2070"]
[BlackElo "2215"]

1. c4 Nf6 2. d3 d5 3. cxd5 Nxd5 4. g3 g6 5. Bg2 Bg7 6. Nf3 O-O 7. O-O e5 8. Nc3
c6 9. e4 Nb6 10. Bd2 h6 11. Ne1 Na6 12. f4 Nb4 13. Qe2 exf4 14. Rxf4 Re8 15. a3
N4d5 16. Rf3 Bg4 17. h3 Bxf3 18. Qxf3 Nxc3 19. Bxc3 Qg5 20. Bxg7 Kxg7 21. h4 Qd2
22. b4 Rad8 23. Rd1 Qc3 24. Bh3 Nc4 25. Ng2 Nd2 26. Qg4 Rxd3 27. Nf4 Rxg3+ 0-1

[Event "AUTO-OPEN-2176"]
[Site "http://www.queenalice.com/game.php?id=960330"]
[Date "2011.7.14"]
[Round "3"]
[White "Pato"]
[Black "kakashisensei"]
[Result "1-0"]
[WhiteElo "2207"]
[BlackElo "2081"]

1. f4 d5 2. Nf3 e6 3. b3 Nf6 4. Bb2 Be7 5. e3 O-O 6. Be2 c6 7. O-O Nbd7 8. Qe1
Re8 9. Ne5 Bf8 10. d3 Qc7 11. Nd2 Nxe5 12. Bxe5 Qd8 13. Nf3 Ng4 14. Bd1 Nxe5 15.
Nxe5 f6 16. Nf3 g5 17. fxg5 fxg5 18. Ne5 Bg7 19. Nf7 Qe7 20. Bh5 Rf8 21. Rd1
Rxf7 22. Rxf7 Qxf7 23. Bxf7+ Kxf7 24. Qg3 h6 25. Qc7+ Kg6 26. Rf1 Bf6 27. a4 e5
28. a5 1-0